Guess the Fusion Rock Song Lyrics #144 - Statistics

General Stats
  • This quiz has been taken 9 times
  • The average score is 158 of 206
Answer Stats
Answer % Correct
a
100%
all
100%
am
100%
And
100%
and
100%
are
100%
I
100%
I'm
100%
In
100%
in
100%
it
100%
it's
100%
love
100%
my
100%
not
100%
now
100%
of
100%
oh
100%
on
100%
so
100%
That
100%
that
100%
the
100%
this
100%
To
100%
without
100%
your
100%
But
86%
can't
86%
go
86%
gone
86%
her
86%
how
86%
I've
86%
life
86%
Living
86%
those
86%
time
86%
what
86%
Cause
71%
days
71%
Gino Vannelli
71%
hell
71%
inside
71%
like
71%
lost
71%
means
71%
myself
71%
need
71%
own
71%
shell
71%
felt
57%
outside
57%
really
57%
side
57%
strong
57%
was
57%
above
43%
change
43%
changed
43%
dreams
43%
find
43%
let
43%
She's
43%
Afraid
29%
away
29%
light
29%
Somewhere
29%
world
29%
assured
14%
darkest
14%
fool
14%
rain
14%
self
14%
slip
14%
suddenly
14%
young
14%
cloud
0%
guiding
0%
hangs
0%
seasons
0%
shine
0%
wandering
0%
No matching quizzes found
Score Distribution
Percent of People with Each Score
Percentile by Number Answered
Your Score History
You have not taken this quiz